000 00943cam a2200277 a 4500
001 2736
005 20250819162105.0
020 _a0590471147
040 _aDLC
_cDLC
_dDLC
_beng
050 0 0 _aPZ8.1.A213
_b 1991
082 0 0 _a398.24
100 1 _aAardema, Verna
245 1 0 _aBorreguita and the coyote :
_ba tale from Ayutla, Mexico /
_cretold by Verna Aardema ; illustrated by Petra Mathers.
250 _aFirst Scholastic printing, March 1994
260 _aNew York :
_bScholastic ,
_c1991
300 _a25 unnumbered pages :
_bcolor illustrations ;
_c22 cm
505 _aN
520 _aA little lamb uses her clever wiles to keep a coyote from eating her up.
521 _a560
_bLexile
521 _aN
_bRaz-Plus
650 1 _aFolklore
_zMexico.
655 7 _aJuvenile literature
_y1991.
_2rbgenr
700 1 _aMathers, Petra
_eillustrator
906 _a7
_bcbc
_corignew
_d1
_eocip
_f19
_gy-gencatlg
942 _2ddc
_cBK
_n0
999 _c2736
_d2736